| 000 | 00504nam a22001937a 4500 | ||
|---|---|---|---|
| 999 |
_c172022 _d172022 |
||
| 005 | 20200124162609.0 | ||
| 010 | _aA-791361 | ||
| 020 | _c100.00 | ||
| 035 | _aA-791361 | ||
| 037 | _bBPPD/Pub. | ||
| 082 | _aک | ||
| 100 | _aمیہدی ٹونکی | ||
| 245 |
_aتازہ روٹی کی میہک / _cمیہدی ٹونکی |
||
| 246 |
_aTaaza Roti ki Mehek (Urdu) / _bby Mehdi Tonki |
||
| 260 |
_a- _b- _c1996 ء |
||
| 270 |
_a- _b- _e- |
||
| 300 |
_a144p. _c22cm(Hb) |
||
| 942 |
_2ddc _cUR _hک _mم ہ د |
||